Cómo integrar el vídeo en la escuela: Dimensiones técnica, expresiva y didáctica del vídeo. Propuesta para su aplicación a las diversas áreas /

Este texto sostiene que la integración a la escuela de la tecnología del vídeo exige de los profesores una formación específica. Para que esta formación no sea reduccionista, ha de atender tanto a la dimensión técnica como a las dimensiones expresiva y didáctica.

-д хадгалсан:
Номзүйн дэлгэрэнгүй
Үндсэн зохиолч: Ferrés i Prats, Joan (autor)
Формат: Ном
Хэл сонгох:испани
Цуврал:(Educación y Enseñanza)
Нөхцлүүд:
Шошгууд: Шошго нэмэх
Шошго байхгүй, Энэхүү баримтыг шошголох эхний хүн болох!

MARC

LEADER 00000nam^a2200000^a^4500
001 000037410
005 20250521000000.0
009 20260310085426.118
020 |a 84-329-8619-4 
037 |a Acervo ITESO - Biblioteca 
041 |a ESP 
082 |a 371. 33589  |b FER 
100 |a Ferrés i Prats, Joan  |e (autor) 
245 1 0 |a Cómo integrar el vídeo en la escuela: Dimensiones técnica, expresiva y didáctica del vídeo. Propuesta para su aplicación a las diversas áreas /  |c J. Ferrés. 
264 |a Barcelona, España :  |b CEAC,  |c 1988 
300 |a 142 p. 
336 |a texto  |b txt  |2 rdacontenido 
337 |a sin mediación  |b n  |2 rdamedio 
338 |a volumen  |b nc  |2 rdasoporte 
440 1 |a (Educación y Enseñanza) 
520 |a Este texto sostiene que la integración a la escuela de la tecnología del vídeo exige de los profesores una formación específica. Para que esta formación no sea reduccionista, ha de atender tanto a la dimensión técnica como a las dimensiones expresiva y didáctica. 
649 |a XX 
650 |a Educación 
650 |a Proceso Educativo 
650 |a Apoyos Didácticos 
650 |a Video en la Educación 
910 |a Fondo General 
920 |a Impresos - Libros 
930 |a Colección General 
905 |a 101 
901 |a 0374100100  |b IT1  |c ACC  |i 037410  |u 20250521 
902 |a https://opac.biblio.iteso.mx/vufind/Record/000037410